Kijów - quiz wielokrotnego wyboru - Statystyki

Ogólne statystyki
  • Ten quiz został rozwiązany 733 razy
  • Średni wynik to 7 z 10
Statystyki odpowiedzi
Zagadnienie Odpowiedź % Poprawnych
Który z poniższych obrazków przedstawia kościół w Kijowie?
92%
Jaką pracę wykonywał Wołodymyr Zełenski przed objęciem urzędu prezydenta Ukrainy? Aktorem w serialu komediowym, w którym grał prezydenta Ukrainy
92%
Która z poniższych rzek przepływa przez Kijów? Dniepr
89%
Kto zniszczył Kijów w 1240 r? Mongołowie
84%
Jaki były mistrz świata w wadze ciężkiej jest liderem Kijowa od 2014 roku? Witalij Kliczko
82%
Jaki tytuł przysługuje liderowi Kijowa? Mer
79%
W której części Ukrainy położony jest Kijów? Północnej
72%
Jaki ruch społeczny doprowadził do odsunięcia od sprawowania urzędu prezydenta Wiktora Janukowycza w 2014 r? Euromajdan
68%
Co Igor Sikorski zbudował jako pierwszy? Praktyczny helikopter
42%
Kto rządził Rusią Kijowską, poprzednikiem rosyjskiego państwa? Wikingowie
36%
Nie znaleziono quizów pasujących do podanych kryteriów
Rozkład punktacji
Procent ludzi z każdym wynikiem
Percentyl według liczby udzielonych odpowiedzi
Twoja historia wyników
Nie rozwiązałeś tego quizu